00507cam a22002051 4500001001300000003000400013005001700017008004100034010001700075035002000092040001800112042001200130050001700142100004900159245002600208260001100234300002500245500001400270999001700284sa 65006266 DLC20260227112141.0890510s1965 ii 000 0 hino  asa 65006266  a(OCoLC)19688971 aDLCcWaUdDLC apremarc00aPK2033b.S251 aŚarmā, Manamohana Lāḷa Jagannātha.10aSāhityika-nibandha. c[1965] a2, 2, 357 p.c23 cm. aIn Hindi. c64586d64586